[Event "GER-chT2 LF-22 B3 email"]
[Site "GER email"]
[Date "2007.??.??"]
[Round "?"]
[White "Fillips, Johann"]
[Black "Boecher, Hans Joachim"]
[Result "1/2-1/2"]
[WhiteElo "2003"]
[BlackElo "2081"]
[PlyCount "57"]
[EventDate "2007.??.??"]
[EventType "team (corr)"]
[EventRounds "9"]
[EventCountry "GER"]
[SourceTitle "Corr 2008"]
[Source "ChessBase"]
[SourceDate "2008.06.24"]
[SourceVersion "1"]
[SourceVersionDate "2008.06.24"]
[SourceQuality "1"]

1. e4 c5 2. Nf3 Nc6 3. d4 cxd4 4. Nxd4 Nf6 5. Nc3 e5 6. Ndb5 d6 7. Bg5 a6 8. Na3 b5 9. Nd5 Be7 10. Bxf6 Bxf6 11. c3 Ne7 12. Nxf6+ gxf6 13. Bd3 Bb7 14. Nc2 d5 15. exd5 Qxd5 16. Ne3 Qe6 17. Qh5 0-0-0 18. Bc2 Kb8 19. Bb3 Qc6 20. Qxf7 Ng6 21. 0-0 Nf4 22. Qg7 h5 23. Rfd1 h4 24. Qe7 Qb6 25. h3 Bxg2 26. Rxd8+ Rxd8 27. Nxg2 Nxh3+ 28. Kh2 Nxf2 29. Ne3 1/2-1/2